[Event "ICS rated bullet match"]
[Site "204.178.125.65"]
[Date "2000.02.26"]
[Round "?"]
[White "Hossa"]
[Black "Nos"]
[Result "1-0"]
[WhiteElo "2443"]
[BlackElo "2172"]
[PlyCount "137"]

1. d4 Nf6 2. c4 g6 3. Nc3 Bg7 4. g3 d6 5. Bg2 O-O 6. Nf3 Nbd7 7. Bg5 h6 8. Bf4
c6 9. O-O Nh5 10. Bd2 e5 11. d5 c5 12. Re1 f5 13. Qc2 Ndf6 14. Nh4 g5 15. Nxf5
Ng4 16. Nxg7 Kxg7 17. f3 Ngf6 18. Rad1 g4 19. Qc1 gxf3 20. Bxh6+ Kh7 21. exf3
Rg8 22. Qd2 Nxg3 23. hxg3 Rxg3 24. Ne2 Rg6 25. Bg5 Qg8 26. Qc2 Kh8 27. Bxf6+
Rxf6 28. Qe4 Rg6 29. Qh4+ Kg7 30. Qe7+ Kh8 31. Ng3 Rxg3 32. Qh4+ Kg7 33. Qxg3+
Kf8 34. Qh4 Qf7 35. Qd8+ Qe8 36. Qxd6+ Qe7 37. Qxe7+ Kxe7 38. Rxe5+ Kd6 39. Re8
Bd7 40. Rxa8 Bf5 41. Rxa7 b5 42. cxb5 Ke5 43. a4 Kf4 44. a5 Kg5 45. Rg7+ Kf6
46. Rg8 Bc8 47. Rxc8 Ke5 48. Rxc5 Kf4 49. d6 Ke3 50. Rf5 Ke2 51. Re5+ Kxd1 52.
Kf2 Kc1 53. Re2 Kb1 54. b3 Ka1 55. Ke1 Kb1 56. Kd1 Ka1 57. f4 Kb1 58. Be4+ Ka1
59. Rc2 Kb1 60. Rd2+ Ka1 61. Bd5 Kb1 62. Rc2 Ka1 63. b4 Kb1 64. Ba2+ Ka1 65.
Bb3 Kb1 66. Kd2 Ka1 67. Kc3 Kb1 68. Bc4 Ka1 69. Rc1# 1-0

[Event "ICS rated blitz match"]
[Site "204.178.125.65"]
[Date "2000.02.26"]
[Round "?"]
[White "Hossa"]
[Black "j724"]
[Result "1-0"]
[WhiteElo "2416"]
[BlackElo "2105"]
[PlyCount "28"]

1. e4 d6 2. d4 Nf6 3. Nc3 c6 4. f4 Qa5 5. Bd3 e5 6. Nf3 Bg4 7. Be3 Nbd7 8. O-O
Be7 9. Kh1 O-O 10. fxe5 dxe5 11. d5 Nc5 12. Qd2 Rad8 13. Nxe5 cxd5 14. Nxd5
Nxd5 1-0

[Event "ICS rated blitz match"]
[Site "204.178.125.65"]
[Date "2000.02.26"]
[Round "?"]
[White "j724"]
[Black "Hossa"]
[Result "0-1"]
[WhiteElo "2100"]
[BlackElo "2421"]
[PlyCount "56"]

1. d4 Nf6 2. Nf3 e6 3. Bf4 d5 4. e3 Bd6 5. Ne5 O-O 6. Bd3 Re8 7. Nd2 c5 8. c3
Be7 9. g4 Nc6 10. g5 Nxe5 11. dxe5 Nd7 12. h4 c4 13. Bc2 Rb8 14. Qh5 g6 15. Qg4
Qb6 16. O-O-O Qa5 17. h5 Bc5 18. Qh4 Kf8 19. hxg6 hxg6 20. Qh6+ Ke7 21. Qg7 Kd8
22. Qxf7 Qxa2 23. Bxg6 Qa1+ 24. Nb1 Re7 25. Qg8+ Kc7 26. Rh8 b6 27. e4 Bb7 28.
exd5 Bxd5 0-1

[Event "ICS rated standard match"]
[Site "204.178.125.65"]
[Date "2000.02.26"]
[Round "?"]
[White "Alex72"]
[Black "Hossa"]
[Result "0-1"]
[WhiteElo "1887"]
[BlackElo "2237"]
[PlyCount "64"]

1. e4 c5 2. Nf3 e6 3. Be2 d6 4. O-O Be7 5. d4 cxd4 6. Nxd4 Nc6 7. Nc3 Nf6 8.
Be3 O-O 9. Qd2 d5 10. exd5 exd5 11. Rad1 Re8 12. Nb3 Bf5 13. Bf3 Nb4 14. Nxd5
Nfxd5 15. Bxd5 Bxc2 16. Rc1 Bd3 17. Bxb7 Rb8 18. Rfd1 Rxb7 19. Rc3 Rd7 20. a3
Bb5 21. Qxd7 Bxd7 22. axb4 Bxb4 23. Rcd3 Re7 24. Nc5 Rxe3 25. Rxd7 Qe8 26. fxe3
Qxe3+ 27. Kh1 Bxc5 28. Rd8+ Bf8 29. h3 g5 30. Rf1 g4 31. hxg4 Qh6+ 32. Kg1 Qb6+
0-1

[Event "ICS rated bullet match"]
[Site "204.178.125.65"]
[Date "2000.02.26"]
[Round "?"]
[White "LoboNaranjo"]
[Black "Hossa"]
[Result "0-1"]
[WhiteElo "2152"]
[BlackElo "2449"]
[PlyCount "82"]

1. e4 e5 2. Nf3 Nc6 3. Bc4 Nf6 4. O-O Bc5 5. d3 d6 6. h3 Na5 7. Bg5 Nxc4 8.
dxc4 h6 9. Bxf6 gxf6 10. Nc3 Be6 11. a3 Rg8 12. Kh1 Bxc4 13. Re1 Bxf2 14. b3
Ba6 15. Nd5 Bxe1 16. Qxe1 c6 17. Ne3 d5 18. Nf5 Rg6 19. N3h4 Rg5 20. Nxh6 dxe4
21. Qxe4 Qd2 22. Rg1 Rh5 23. N6f5 O-O-O 24. Qf3 Qg5 25. g4 Rxh4 26. Nxh4 Qxh4
27. Qf5+ Kc7 28. Qf3 Rd2 29. Rg2 Rd6 30. Re2 Bxe2 31. Qxe2 Qxh3+ 32. Kg1 Qc3
33. Kf2 Rd2 34. g5 Rxe2+ 35. Kxe2 Qxc2+ 36. Kf1 fxg5 37. Kg1 Kd6 38. Kf1 Kd5
39. Kg1 Ke4 40. Kf1 Kf3 41. Kg1 Qg2# 0-1

[Event "ICS rated bullet match"]
[Site "204.178.125.65"]
[Date "2000.02.26"]
[Round "?"]
[White "Hossa"]
[Black "LoboNaranjo"]
[Result "1-0"]
[WhiteElo "2454"]
[BlackElo "2147"]
[PlyCount "77"]

1. c4 d5 2. cxd5 Nf6 3. e4 e6 4. Qa4+ Bd7 5. Qb3 exd5 6. e5 Ne4 7. Qxd5 Bc6 8.
Qxd8+ Kxd8 9. Nf3 Bc5 10. d4 Bb4+ 11. Nbd2 Nd7 12. a3 Nxd2 13. Nxd2 Be7 14. Bc4
b5 15. Bxf7 Rf8 16. Be6 Nb6 17. O-O Bd5 18. Bxd5 Nxd5 19. Ne4 c6 20. Bg5 Bxg5
21. Nxg5 Kd7 22. Nxh7 Rh8 23. Ng5 Rh5 24. Ne4 Rah8 25. Nc5+ Ke7 26. h3 Rg5 27.
Kh2 Rf5 28. a4 Ra8 29. axb5 cxb5 30. Kg3 g5 31. Ra6 g4 32. hxg4 Rg5 33. Rh1 Rg7
34. Re6+ Kf7 35. Rd6 Nb4 36. Rd7+ Kg6 37. f4 Rh7 38. f5+ Kg5 39. Ne4# 1-0

[Event "ICS rated bullet match"]
[Site "204.178.125.65"]
[Date "2000.02.26"]
[Round "?"]
[White "LoboNaranjo"]
[Black "Hossa"]
[Result "0-1"]
[WhiteElo "2142"]
[BlackElo "2459"]
[PlyCount "108"]

1. e4 c5 2. Nf3 d6 3. d4 cxd4 4. Nxd4 Nf6 5. Nc3 a6 6. a3 Nc6 7. Be2 e6 8. O-O
Be7 9. Kh1 O-O 10. Be3 Re8 11. f4 d5 12. e5 Ne4 13. Nxe4 dxe4 14. Nxc6 bxc6 15.
Qxd8 Bxd8 16. Rad1 Rb8 17. b3 f5 18. Rd2 Ba5 19. b4 Bb6 20. Bxb6 Rxb6 21. Rfd1
Kf7 22. Kg1 Rb8 23. Kf2 Rb6 24. Ke3 Rg8 25. g3 g5 26. Rd6 Kg6 27. c4 gxf4+ 28.
gxf4 Kf7 29. c5 Rb7 30. Rxc6 Ra7 31. Rb6 Rg2 32. Rdd6 Rxh2 33. Rxa6 Rxe2+ 34.
Kxe2 Bxa6+ 35. Ke3 Bb5 36. c6 Rc7 37. a4 Bxa4 38. Rd2 Rxc6 39. Ra2 Rc3+ 40. Kf2
Bb5 41. Ra7+ Kg6 42. Ra8 Rf3+ 43. Ke1 Rxf4 44. Rg8+ Kh5 45. Rh8 h6 46. Kd2 Rf3
47. Re8 Bxe8 48. Ke2 Rb3 49. Kd2 f4 50. Ke2 Rxb4 51. Kd2 Rc4 52. Kd1 Kg4 53.
Ke1 Kf3 54. Kd1 Ke3 0-1

[Event "ICS rated bullet match"]
[Site "204.178.125.65"]
[Date "2000.02.26"]
[Round "?"]
[White "Hossa"]
[Black "LoboNaranjo"]
[Result "1-0"]
[WhiteElo "2463"]
[BlackElo "2138"]
[PlyCount "75"]

1. e4 d5 2. exd5 Nf6 3. Bb5+ Nbd7 4. c4 a6 5. Ba4 b5 6. cxb5 Nxd5 7. Nc3 N5b6
8. Bc2 e6 9. Be4 Rb8 10. Nge2 Be7 11. Nd4 O-O 12. Nc6 Qe8 13. Nxb8 Nxb8 14.
bxa6 Nxa6 15. Qh5 g6 16. Qh6 Nc5 17. d4 Nxe4 18. Nxe4 Ba6 19. Ng5 Bxg5 20. Bxg5
f6 21. Bd2 Qb5 22. Qe3 Qxb2 23. Qxe6+ Kg7 24. Rc1 Qb5 25. a4 Re8 26. Rxc7+ Kh8
27. axb5 Rxe6+ 28. Be3 Bxb5 29. Rb7 Bc4 30. Kd2 Nd5 31. Rb8+ Kg7 32. Rc8 Nxe3
33. Rc7+ Kh6 34. fxe3 Bd5 35. Rg1 f5 36. g4 Be4 37. g5+ Kh5 38. Rxh7# 1-0

[Event "ICS rated bullet match"]
[Site "204.178.125.65"]
[Date "2000.02.26"]
[Round "?"]
[White "LoboNaranjo"]
[Black "Hossa"]
[Result "0-1"]
[WhiteElo "2134"]
[BlackElo "2467"]
[PlyCount "94"]

1. e4 c5 2. Nf3 Nc6 3. a3 e6 4. Nc3 d5 5. exd5 exd5 6. d4 Be6 7. Bb5 a6 8.
Bxc6+ bxc6 9. O-O cxd4 10. Nxd4 c5 11. Nxe6 fxe6 12. Bf4 Qf6 13. Bg3 Ne7 14.
Re1 Kf7 15. Qe2 Qf5 16. Rac1 Nc6 17. h3 a5 18. Nd1 Be7 19. Ne3 Qg6 20. Qb5 Nd4
21. Qd3 Qxd3 22. cxd3 Rac8 23. Be5 Bf6 24. Bxf6 gxf6 25. Rc3 Rhg8 26. Kf1 a4
27. Rec1 Nb3 28. R1c2 d4 29. Rc4 dxe3 30. fxe3 Rcd8 31. R4c3 Rg3 32. Kf2 Rdg8
33. Kf1 Rxe3 34. Rf2 Reg3 35. Rcc2 Rxd3 36. Rce2 Rgg3 37. Kg1 Nd4 38. Kf1 Nxe2
39. Rxe2 e5 40. Kg1 Ke6 41. Kh2 f5 42. Rc2 Kd5 43. Rc4 Kxc4 44. Kh1 Rd2 45. Kh2
Rdxg2+ 46. Kh1 Rg1+ 47. Kh2 R3g2# 0-1

[Event "ICS rated bullet match"]
[Site "204.178.125.65"]
[Date "2000.02.26"]
[Round "?"]
[White "Hossa"]
[Black "LoboNaranjo"]
[Result "1-0"]
[WhiteElo "2471"]
[BlackElo "2130"]
[PlyCount "83"]

1. c4 d5 2. cxd5 Nf6 3. e4 e6 4. Qa4+ Bd7 5. Qb3 exd5 6. e5 Ne4 7. Qxd5 Bc6 8.
Qxd8+ Kxd8 9. Nf3 Bc5 10. d4 Bb4+ 11. Nbd2 Nd7 12. a3 Bxd2+ 13. Nxd2 Nxd2 14.
Bxd2 Ke7 15. Rc1 a5 16. h4 f6 17. d5 Bxd5 18. exf6+ Kxf6 19. Rxc7 Rhe8+ 20. Kd1
Bc6 21. b3 Ne5 22. Bg5+ Ke6 23. Rxg7 h6 24. Bxh6 Rad8+ 25. Kc1 Rc8 26. Kb2 Be4
27. Ka1 Rc2 28. Bb5 Rec8 29. Re1 Rxf2 30. Rxe4 Rcc2 31. Bf4 Ra2+ 32. Kb1 Rfb2+
33. Kc1 Rc2+ 34. Kd1 Rcb2 35. Bd7+ Kd6 36. Bxe5+ Kc5 37. Rc4+ Kb6 38. Bd4+ Ka6
39. Rg6+ b6 40. Rxb6+ Ka7 41. Rc7+ Ka8 42. Bc6# 1-0

[Event "ICS rated bullet match"]
[Site "204.178.125.65"]
[Date "2000.02.26"]
[Round "?"]
[White "LoboNaranjo"]
[Black "Hossa"]
[Result "0-1"]
[WhiteElo "2126"]
[BlackElo "2475"]
[PlyCount "76"]

1. e4 e5 2. Nc3 Nf6 3. Nf3 Bb4 4. Bd3 Nc6 5. a3 Bxc3 6. dxc3 d6 7. O-O Bg4 8.
h3 Bh5 9. Bg5 h6 10. Bh4 g5 11. Bg3 Rg8 12. Be2 Nxe4 13. Bh2 Qf6 14. Nd2 Nxd2
15. Qxd2 Bxe2 16. Qxe2 Qg6 17. f4 gxf4 18. Bxf4 O-O-O 19. Bh2 f5 20. Rf2 Rde8
21. Raf1 Ne7 22. Kh1 Rg7 23. c4 b6 24. b4 Reg8 25. c5 Kb7 26. c6+ Kxc6 27. Qc4+
Kb7 28. b5 d5 29. Qa4 Qd6 30. Qa6+ Kb8 31. Rg1 f4 32. a4 Qc5 33. a5 Qxf2 34.
axb6 cxb6 35. Qa4 Rxg2 36. Qxa7+ Kxa7 37. Ra1+ Kb8 38. Ra7 Rxh2# 0-1

[Event "ICS rated blitz match"]
[Site "204.178.125.65"]
[Date "2000.02.26"]
[Round "?"]
[White "MissSilicon"]
[Black "Hossa"]
[Result "0-1"]
[WhiteElo "2692"]
[BlackElo "2462"]
[PlyCount "124"]

1. e4 e5 2. Nf3 Nc6 3. d4 exd4 4. Nxd4 Nf6 5. Nc3 Bb4 6. Nxc6 bxc6 7. Bd3 Bxc3+
8. bxc3 d5 9. exd5 Qe7+ 10. Be3 Bg4 11. Qc1 cxd5 12. O-O O-O 13. Re1 Rfe8 14.
Bd4 Qxe1+ 15. Qxe1 Rxe1+ 16. Rxe1 Be6 17. f4 Ne8 18. Re5 g6 19. f5 gxf5 20.
Bxf5 Nd6 21. Bxe6 fxe6 22. Rxe6 Rb8 23. Bxa7 Rb1+ 24. Kf2 Rb2 25. Re2 Rxa2 26.
Bd4 c5 27. Be5 Ne4+ 28. Kf3 Ra4 29. Re3 Kf7 30. Rd3 Ke6 31. Bg3 Ng5+ 32. Ke3 h5
33. Be1 Ne4 34. Kf3 Kd6 35. Re3 Ng5+ 36. Ke2 Ra2 37. Kd2 Ne4+ 38. Kc1 Ke5 39.
Bg3+ Kf5 40. Rf3+ Ke6 41. Bf4 Ra1+ 42. Kb2 Rg1 43. g3 Rh1 44. h4 Rh2 45. Re3 c4
46. Bb8 Rf2 47. Bc7 Rf1 48. Ka3 Kf5 49. Ka4 Rf2 50. Kb5 Rxc2 51. Kc6 Rxc3 52.
Rxc3 Nxc3 53. Kc5 Ke6 54. Bb8 Ne2 55. Kb4 Kf5 56. Bd6 c3 57. Kb3 d4 58. Bb4 Ke4
59. g4 hxg4 60. h5 d3 61. h6 d2 62. Kc2 Nd4+ 0-1

[Event "ICS rated blitz match"]
[Site "204.178.125.65"]
[Date "2000.02.26"]
[Round "?"]
[White "PostModernist"]
[Black "Hossa"]
[Result "1-0"]
[WhiteElo "2545"]
[BlackElo "2487"]
[PlyCount "101"]

1. c4 e5 2. Nc3 Nf6 3. Nf3 Nc6 4. g3 Bc5 5. Bg2 d6 6. O-O O-O 7. d3 h6 8. a3 a6
9. b4 Ba7 10. Bb2 Be6 11. e3 Qd7 12. Qc2 Bh3 13. Bxh3 Qxh3 14. Nd5 Bb8 15.
Nxf6+ gxf6 16. d4 a5 17. b5 Ne7 18. Rfd1 a4 19. e4 Ba7 20. Nh4 exd4 21. Qc1 Ng6
22. Qxh6 Ne5 23. Qxf6 Qxh2+ 24. Kxh2 Ng4+ 25. Kg2 Nxf6 26. f3 Ne8 27. Nf5 f6
28. Bxd4 Ng7 29. Bxa7 Nxf5 30. exf5 Rxa7 31. b6 Ra6 32. bxc7 Rc6 33. Rab1 Rxc7
34. Rxd6 Rxc4 35. Rxb7 Rc2+ 36. Kh3 Rc3 37. Rdd7 Re8 38. Rg7+ Kh8 39. Rh7+ Kg8
40. Rbg7+ Kf8 41. Rf7+ Kg8 42. Kg4 Re2 43. Rfg7+ Kf8 44. Ra7 Kg8 45. Rh6 Re8
46. Rxf6 Rxa3 47. Rg6+ Kf8 48. f6 Rae3 49. Rgg7 Rb8 50. Rh7 Rb4+ 51. f4 1-0

[Event "ICS rated standard match"]
[Site "204.178.125.65"]
[Date "2000.02.26"]
[Round "?"]
[White "Hossa"]
[Black "PostModernist"]
[Result "0-1"]
[WhiteElo "2241"]
[BlackElo "2400"]
[PlyCount "93"]

1. e4 c6 2. d4 d5 3. e5 c5 4. dxc5 Nc6 5. Bb5 e6 6. Be3 Nge7 7. Nf3 Nf5 8. b4
Nxe3 9. fxe3 Be7 10. O-O O-O 11. c3 a5 12. Bxc6 bxc6 13. Rf2 Ba6 14. g3 Qc7 15.
Qd4 Rfb8 16. Nbd2 f5 17. a4 Rb7 18. Rb1 Rab8 19. Ne1 Bd8 20. Nc2 Qe7 21. Nf3
Bc4 22. Na3 Ba6 23. Ne1 Bc7 24. Nac2 Bc4 25. Ra1 Qe8 26. Qf4 Ra7 27. Nf3 Rba8
28. Na3 Bd3 29. Qd4 axb4 30. cxb4 Be4 31. a5 Qb8 32. Qd2 Bxa5 33. bxa5 Rxa5 34.
Qc3 Bxf3 35. Rxf3 Qa7 36. Rb1 Rxa3 37. Qb4 Ra5 38. Rc1 Qb8 39. Qd4 Ra4 40. Qd3
Qxe5 41. Re1 Rc4 42. Rf2 Qc3 43. Qb1 Rxc5 44. Rfe2 Rb5 45. Qd1 c5 46. Rc2 Qe5
47. Qh5 0-1

[Event "ICS rated bullet match"]
[Site "204.178.125.65"]
[Date "2000.02.26"]
[Round "?"]
[White "Hossa"]
[Black "Rocket-Man"]
[Result "0-1"]
[WhiteElo "2492"]
[BlackElo "2231"]
[PlyCount "116"]

1. e4 b6 2. d4 Bb7 3. Bd3 e6 4. Nf3 c5 5. Be3 cxd4 6. Nxd4 Nc6 7. Nd2 Nf6 8.
Nxc6 dxc6 9. O-O Be7 10. Nc4 O-O 11. e5 Nd5 12. Qh5 g6 13. Qf3 Re8 14. Bh6 Ba6
15. Rfd1 Bxc4 16. Bxc4 Qc7 17. Qg3 Bf8 18. Bg5 Bg7 19. Re1 Rac8 20. Rad1 b5 21.
Bb3 a5 22. a3 Qb6 23. Rd2 b4 24. a4 Rc7 25. Qh4 Rd7 26. Bh6 Rc8 27. Bxg7 Kxg7
28. Bxd5 Rxd5 29. Ree2 Qd8 30. Qxd8 Rcxd8 31. Rxd5 cxd5 32. h4 Rc8 33. b3 Rc3
34. Rd2 Kf8 35. g3 Ke8 36. Kh2 Kd7 37. Kh3 Kc6 38. h5 Kc5 39. h6 d4 40. f4 Kd5
41. Rf2 Ke4 42. Re2+ Re3 43. Rh2 d3 44. cxd3+ Kxd3 45. Kg2 Kc3 46. Kf2 Rd3 47.
f5 Rd2+ 48. Kg1 Rxh2 49. Kxh2 gxf5 50. Kg2 Kxb3 51. Kf3 Kxa4 52. Ke3 b3 53. Kd3
b2 54. Kc2 Ka3 55. Kb1 Kb3 56. g4 a4 57. g5 a3 58. g6 a2# 0-1

[Event "ICS rated bullet match"]
[Site "204.178.125.65"]
[Date "2000.02.26"]
[Round "?"]
[White "Rocket-Man"]
[Black "Hossa"]
[Result "0-1"]
[WhiteElo "2257"]
[BlackElo "2466"]
[PlyCount "78"]

1. g3 d5 2. Bg2 c6 3. d4 e6 4. Nf3 Nf6 5. O-O c5 6. c3 Nc6 7. e3 Bd6 8. Nbd2
O-O 9. b3 e5 10. Bb2 Bg4 11. h3 Bh5 12. Qe1 Re8 13. dxe5 Nxe5 14. Nxe5 Bxe5 15.
Nf3 Bd6 16. Rc1 Qd7 17. Nh2 Re7 18. Qd2 Qf5 19. c4 d4 20. a3 Rd7 21. exd4 cxd4
22. Rce1 Rad8 23. g4 Bxh2+ 24. Kxh2 Bxg4 25. hxg4 Nxg4+ 26. Kg1 Qh5 27. Qf4 d3
28. Bc3 g5 29. Qg3 d2 30. Rd1 Rd3 31. Bf3 Rxf3 32. Qg2 Rxc3 33. f3 Ne3 34. Qe2
Nxf1 35. Qxf1 Rxf3 36. Qg2 Rxb3 37. Rxd2 Rb1+ 38. Kf2 Rxd2+ 39. Ke3 Rxg2 0-1

[Event "ICS rated bullet match"]
[Site "204.178.125.65"]
[Date "2000.02.26"]
[Round "?"]
[White "Rocket-Man"]
[Black "Hossa"]
[Result "0-1"]
[WhiteElo "2243"]
[BlackElo "2480"]
[PlyCount "68"]

1. g3 d5 2. Bg2 c6 3. d4 e6 4. Nf3 Nf6 5. O-O c5 6. c3 Nc6 7. dxc5 Bxc5 8. Nbd2
e5 9. Nb3 Bb6 10. Bg5 h6 11. Bxf6 gxf6 12. e3 Bg4 13. h3 Bh5 14. Qc2 Bg6 15.
Qd2 Ne7 16. Rad1 Be4 17. Rfe1 Nf5 18. Nh2 Bxg2 19. Kxg2 Ne7 20. Ng4 Qd6 21. c4
h5 22. Nh2 O-O-O 23. cxd5 Qxd5+ 24. Qxd5 Nxd5 25. e4 Nb4 26. a3 Nd3 27. Rf1
Rhg8 28. Rd2 Nf4+ 29. Kh1 Rxd2 30. Nxd2 Nxh3 31. f3 Rxg3 32. b4 Nf2+ 33. Rxf2
Bxf2 34. Ndf1 Rg1# 0-1

[Event "ICS rated bullet match"]
[Site "204.178.125.65"]
[Date "2000.02.26"]
[Round "?"]
[White "JudgeTurpin"]
[Black "Hossa"]
[Result "1/2-1/2"]
[WhiteElo "2347"]
[BlackElo "2493"]
[PlyCount "74"]

1. e4 e5 2. f4 exf4 3. Bc4 Nf6 4. Nc3 c6 5. d4 Bb4 6. e5 Ne4 7. Qh5 d5 8. exd6
O-O 9. a3 Bxc3+ 10. bxc3 Nxd6 11. Bb3 Re8+ 12. Ne2 g6 13. Qf3 Qh4+ 14. Qf2
Qxf2+ 15. Kxf2 Ne4+ 16. Kf3 h5 17. h3 g5 18. Bb2 Be6 19. Bxe6 Nd2+ 20. Kf2 Rxe6
21. h4 Ne4+ 22. Kg1 Nd6 23. Kf2 Nc4 24. Bc1 f6 25. hxg5 fxg5 26. Rxh5 Rg6 27.
g3 Nd7 28. gxf4 Rf8 29. Kf3 gxf4 30. Bxf4 Nd2+ 31. Ke3 Nc4+ 32. Kf2 Nf6 33. Rh4
Ne4+ 34. Kf3 Ned2+ 35. Kf2 Ne4+ 36. Kf3 Ned2+ 37. Kf2 Ne4+ 1/2-1/2

[Event "ICS rated bullet match"]
[Site "204.178.125.65"]
[Date "2000.02.26"]
[Round "?"]
[White "Rocket-Man"]
[Black "Hossa"]
[Result "0-1"]
[WhiteElo "2208"]
[BlackElo "2477"]
[PlyCount "100"]

1. g3 Nf6 2. Nf3 e6 3. d4 d5 4. Bg2 c5 5. O-O cxd4 6. Nxd4 Be7 7. c3 e5 8. Nf3
Nc6 9. Nbd2 O-O 10. Nb3 Bg4 11. Bg5 Re8 12. Re1 Ne4 13. Be3 f5 14. Nfd2 Ng5 15.
f3 Bh5 16. Bf2 Rc8 17. h4 Nf7 18. Nf1 a5 19. Nbd2 b5 20. Qc2 f4 21. g4 Bg6 22.
Qd1 Bxh4 23. Nh2 Bxf2+ 24. Kxf2 Qe7 25. Nb3 a4 26. Nd2 Qg5 27. Kg1 Red8 28.
Nhf1 Rc7 29. Nh2 Re8 30. Ndf1 a3 31. Qd2 axb2 32. Qxb2 Nd6 33. Rac1 Qh4 34. Qb1
Bxb1 35. Rxb1 Nc4 36. Rbc1 Ra8 37. Rcd1 Rxa2 38. Rc1 Rca7 39. Rcd1 R7a3 40. Rc1
g6 41. Rcd1 Rxc3 42. Ra1 Rac2 43. Ra8+ Kg7 44. Raa1 b4 45. Rad1 Kg8 46. Rb1 Nd4
47. Rbd1 Nxe2+ 48. Rxe2 Rxe2 49. Rb1 Qf2+ 50. Kh1 Qxg2# 0-1

[Event "ICS rated bullet match"]
[Site "204.178.125.65"]
[Date "2000.02.26"]
[Round "?"]
[White "Hossa"]
[Black "Rocket-Man"]
[Result "1-0"]
[WhiteElo "2483"]
[BlackElo "2202"]
[PlyCount "121"]

1. d4 c5 2. dxc5 e6 3. Nc3 Bxc5 4. Ne4 Be7 5. Nd6+ Bxd6 6. Qxd6 Nc6 7. Nf3 Qe7
8. Bf4 Qxd6 9. Bxd6 Nge7 10. e4 O-O 11. O-O-O Re8 12. Bc4 Ng6 13. e5 a6 14. Bd3
b5 15. Rd2 Nf4 16. Bf1 Nd5 17. Ng5 h6 18. Ne4 f6 19. exf6 Nxf6 20. Bd3 Kf7 21.
Nc3 Bb7 22. Rg1 Rac8 23. Rgd1 Ne7 24. g3 Ned5 25. Ne4 Nxe4 26. Bxe4 Rc6 27.
Bxd5 exd5 28. Rxd5 Bc8 29. Rf5+ Kg6 30. Re5 Re6 31. Rxe6+ dxe6 32. Be5 Kf7 33.
Rd8 Rc4 34. h4 Rc6 35. g4 Rc4 36. f4 Rc6 37. b4 Rc4 38. Kd2 Rc6 39. Kd3 Rc4 40.
a4 Rc6 41. a5 Rc4 42. Kd2 Rc6 43. Kc1 Rc4 44. Kd1 Rc6 45. Kd2 Rc4 46. Kd3 Rc6
47. h5 Rc4 48. Rh8 Rc6 49. Rh7 Ke8 50. Rxg7 Bd7 51. Rh7 Kd8 52. Rxh6 Kc8 53.
Rh8+ Kb7 54. Rd8 Ka7 55. Rxd7+ Ka8 56. g5 Rc8 57. g6 Rg8 58. Ke4 Rf8 59. h6 Rg8
60. g7 Rf8 61. gxf8=Q# 1-0

[Event "ICS rated bullet match"]
[Site "204.178.125.65"]
[Date "2000.02.26"]
[Round "?"]
[White "Hossa"]
[Black "Rocket-Man"]
[Result "1-0"]
[WhiteElo "2493"]
[BlackElo "2192"]
[PlyCount "77"]

1. e4 e5 2. Nf3 Nc6 3. Bb5 a6 4. Ba4 Nf6 5. O-O Be7 6. Re1 b5 7. Bb3 d6 8. c3
Na5 9. Bc2 O-O 10. d4 Bg4 11. dxe5 Bxf3 12. Qxf3 dxe5 13. Qf5 Bd6 14. Bg5 h6
15. Bh4 Nc6 16. Rd1 Ne7 17. Bxf6 gxf6 18. Qxf6 Ng6 19. Qf3 Qe7 20. Bb3 Rad8 21.
Bd5 Kg7 22. Bc6 Bc5 23. Rd5 Bd6 24. b3 Nf4 25. Rd2 Qg5 26. a4 f5 27. axb5 axb5
28. exf5 Rxf5 29. Ra7 Kh8 30. Rd1 Rg8 31. Be4 Rf7 32. h4 Qxh4 33. Ra8 Rfg7 34.
Rxg8+ Rxg8 35. g3 Qh3 36. b4 Nh5 37. Qh1 Qg4 38. Bf3 Nxg3 39. Qxh6# 1-0

[Event "ICS rated blitz match"]
[Site "204.178.125.65"]
[Date "2000.02.26"]
[Round "?"]
[White "Hossa"]
[Black "Kendo"]
[Result "1-0"]
[WhiteElo "2474"]
[BlackElo "2355"]
[PlyCount "111"]

1. e4 c5 2. Nf3 e6 3. d4 cxd4 4. Nxd4 a6 5. Bd3 Nc6 6. Nxc6 dxc6 7. f4 e5 8. f5
Nf6 9. Nc3 Bc5 10. Bg5 b5 11. Qd2 Qb6 12. a4 b4 13. Nd1 a5 14. Bxf6 gxf6 15.
Qh6 Ke7 16. Bc4 Ba6 17. Bxa6 Qxa6 18. b3 Rhg8 19. Qh3 Rad8 20. g3 Rd4 21. Nf2
Rgd8 22. Rd1 Rxd1+ 23. Nxd1 Qa7 24. Ke2 Qd7 25. Qh6 Qd4 26. Qe3 Qxe3+ 27. Nxe3
Bxe3 28. Kxe3 Rd4 29. Rg1 c5 30. Rg2 c4 31. Rd2 Rd6 32. bxc4 Rc6 33. Rd5 Rxc4
34. Kd3 Rc3+ 35. Kd2 Rf3 36. Rxa5 Rf2+ 37. Kd3 Rxh2 38. Rb5 Rg2 39. Rxb4 Rxg3+
40. Kc4 h5 41. Rb7+ Kf8 42. a5 Ra3 43. Kb5 h4 44. Rd7 Rc3 45. a6 Rxc2 46. Rd8+
Kg7 47. a7 Rb2+ 48. Kc4 Ra2 49. a8=Q Rxa8 50. Rxa8 Kh6 51. Rh8+ Kg5 52. Kd5 Kg4
53. Rh6 h3 54. Rxf6 Kg3 55. Rxf7 h2 56. Rh7 1-0

[Event "ICS rated blitz match"]
[Site "204.178.125.65"]
[Date "2000.02.26"]
[Round "?"]
[White "Hossa"]
[Black "PostModernist"]
[Result "0-1"]
[WhiteElo "2482"]
[BlackElo "2558"]
[PlyCount "156"]

1. d4 d5 2. c4 e6 3. Nc3 c5 4. cxd5 exd5 5. Nf3 Nc6 6. g3 c4 7. Bg2 Bb4 8. O-O
Nge7 9. Re1 Bf5 10. Bf4 O-O 11. Nh4 Bg4 12. Rb1 Re8 13. Nf3 Ng6 14. Bg5 Qd7 15.
a3 Ba5 16. Rc1 b5 17. Rf1 Bxc3 18. bxc3 Bh3 19. Rb1 Bxg2 20. Kxg2 a6 21. Rb2 f6
22. Bc1 Nce7 23. Rd2 Nc8 24. Ra2 Nd6 25. Re1 Ne4 26. Bd2 Re7 27. Ra1 Qf5 28.
Qb1 Rae8 29. Qa2 Qg4 30. e3 Qf5 31. Red1 Rf7 32. Rf1 Re6 33. Rad1 h5 34. h4 Qg4
35. a4 bxa4 36. Rb1 Nxd2 37. Qxd2 Rf8 38. Ra1 f5 39. Qb2 f4 40. Nh2 f3+ 41. Kh1
Qh3 42. Rg1 Rd6 43. Rxa4 Rff6 44. Qb7 Qe6 45. Rb4 Kh7 46. Qa7 Rd7 47. Qc5 Ne7
48. Rb8 Qf5 49. Re8 Rc6 50. Qb4 Rc8 51. Rxe7 a5 52. Qa3 Qf8 53. Rxg7+ Rxg7 54.
Qxa5 Qf5 55. Qa6 Rb8 56. Qa2 Rbb7 57. Rf1 Rb3 58. Qa1 Rgb7 59. Kg1 Rb1 60. g4
Qc2 61. Qxb1 Rxb1 62. Nxf3 Rxf1+ 63. Kxf1 Qb1+ 64. Ne1 hxg4 65. Ke2 Qb2+ 66.
Kf1 Qxc3 67. e4 Qxd4 68. exd5 Qxd5 69. Ke2 c3 70. h5 Qd2+ 71. Kf1 Kh6 72. Ng2
Qd1+ 73. Ne1 c2 74. Kg2 c1=Q 75. Kg3 Qb3+ 76. f3 Qxe1+ 77. Kxg4 Qbe6+ 78. Kf4
Qh4# 0-1

[Event "ICS rated bullet match"]
[Site "204.178.125.65"]
[Date "2000.02.26"]
[Round "?"]
[White "Hossa"]
[Black "JudgeTurpin"]
[Result "1/2-1/2"]
[WhiteElo "2498"]
[BlackElo "2353"]
[PlyCount "107"]

1. d4 d5 2. c4 dxc4 3. Nf3 Nf6 4. e3 e6 5. Bxc4 c5 6. O-O a6 7. Qe2 b5 8. Bb3
Bb7 9. Nc3 Nbd7 10. e4 b4 11. Na4 Bxe4 12. Rd1 Qa5 13. dxc5 Nxc5 14. Nxc5 Bxc5
15. Nd2 Bd5 16. Bxd5 Nxd5 17. Nb3 Qb6 18. Rxd5 Bxf2+ 19. Kf1 O-O 20. Rd7 Qc6
21. Qd3 Bb6 22. Bg5 f6 23. Bd2 Rfd8 24. Rxd8+ Rxd8 25. Qxa6 Rd5 26. Rc1 Rf5+
27. Ke2 Qxg2+ 28. Kd1 Qg4+ 29. Kc2 Qe4+ 30. Qd3 Qb7 31. Kb1 Re5 32. Bxb4 Rd5
33. Qe4 e5 34. Rc8+ Qxc8 35. Qxd5+ Kh8 36. Nc5 Qf5+ 37. Qe4 Qf1+ 38. Kc2 Qf2+
39. Kb3 h6 40. Qc2 Qf3+ 41. Kc4 Qf1+ 42. Kd5 Qf4 43. a3 Ba7 44. Ne6 Qf3+ 45.
Kd6 Bb8+ 46. Ke7 Qb7+ 47. Kf8 Qd7 48. Qg6 Bd6+ 49. Bxd6 Qxd6+ 50. Kf7 Qd7+ 51.
Kf8 Qd6+ 52. Kf7 Qd7+ 53. Kf8 Qd6+ 54. Kf7 1/2-1/2

[Event "ICS rated bullet match"]
[Site "204.178.125.65"]
[Date "2000.02.26"]
[Round "?"]
[White "JudgeTurpin"]
[Black "Hossa"]
[Result "1-0"]
[WhiteElo "2359"]
[BlackElo "2492"]
[PlyCount "151"]

1. e4 e5 2. Nf3 Nc6 3. Bb5 a6 4. Ba4 Nf6 5. O-O Nxe4 6. d4 b5 7. Bb3 d5 8. dxe5
Be6 9. c3 Bc5 10. Nbd2 O-O 11. Bc2 Nxf2 12. Rxf2 f6 13. exf6 Bxf2+ 14. Kxf2
Qxf6 15. Nf1 Ne5 16. Be3 Rae8 17. Bc5 Rf7 18. Ne3 Qh4+ 19. Kg1 Nxf3+ 20. gxf3
Qh3 21. Qd2 Rxf3 22. Nxd5 Qg4+ 23. Kh1 Rf7 24. Bb3 c6 25. Nb4 Bxb3 26. axb3 Rf5
27. Nxa6 Rg5 28. Rg1 Qf3+ 29. Rg2 Rge5 30. Bg1 Re2 31. Qg5 g6 32. Qg3 Qe4 33.
Nc5 Qd5 34. c4 Rxg2 35. Qxg2 Qxg2+ 36. Kxg2 bxc4 37. bxc4 Re2+ 38. Bf2 Rxb2 39.
Nd3 Re2 40. Kf3 Re8 41. Bg3 Ra8 42. Ke4 h6 43. Ne5 c5 44. Nxg6 Kf7 45. Ne5+ Ke6
46. Nd3 Rc8 47. Bf4 h5 48. Bg3 Ke7 49. Ke5 h4 50. Bxh4+ Kf7 51. Kd5 Rh8 52. Bg3
Rc8 53. Nxc5 Rg8 54. Ne4 Rd8+ 55. Nd6+ Kg6 56. c5 Rd7 57. c6 Re7 58. Nc4 Re8
59. c7 Ra8 60. Nd6 Kf6 61. c8=Q Rxc8 62. Nxc8 Kf5 63. h3 Kf6 64. Nd6 Kg6 65.
Ke6 Kg7 66. Ne8+ Kg6 67. h4 Kh5 68. Nf6+ Kh6 69. h5 Kg7 70. Bd6 Kh8 71. Ng4 Kg8
72. h6 Kh8 73. Kf7 Kh7 74. Bf8 Kh8 75. Bg7+ Kh7 76. Nf6# 1-0